Law of land reforms in Kerala (Record no. 21949)

MARC details
000 -LEADER
fixed length control field 00320nam a2200121Ia 4500
082 ## - DEWEY DECIMAL CLASSIFICATION NUMBER
Classification number 34:332.021.8
Item number MAT;2
100 ## - MAIN ENTRY--AUTHOR NAME
Personal name MATHEW, O M
245 #0 - TITLE STATEMENT
Title Law of land reforms in Kerala
260 ## - PUBLICATION, DISTRIBUTION, ETC. (IMPRINT)
Place of publication Ernakulam
Name of publisher Kerala Law Times
Year of publication 1970
650 ## - SUBJECT ADDED ENTRY--TOPICAL TERM
Topical Term Land reforms law
942 ## - ADDED ENTRY ELEMENTS (KOHA)
Koha item type Books
Holdings
Withdrawn status Lost status Damaged status Not for loan Home library Current library Date acquired Source of acquisition Full call number Accession Number Koha item type
        RRII Library RRII Library 16/12/2021 Auction 34:332.021.8 MAT;2 02666 Books